000 00714nam a2200193Ia 4500
008 0000001985 sp a 0000000000spa00
090 _aPSP00 A71f
245 1 0 _aFrederic Amat
_c/ Arco 1985 ; fotografías Francesc CataláRoca, Ramón Calvet
300 _a1 plegable [6] p.
_c/ 20 cm.
500 _aCon el patronazgo del maestro venezolano Jesús Rafael Soto (q.e.p.d.) \
600 0 0 _aAMAT, FREDERIC, 1952/
_xTRABAJOS PICTORICOS
650 1 4 _aARTE CONTEMPORANEO ESPAÑOL
650 1 4 _xCATALOGOS
650 1 4 _xEXPOSICIONES
650 1 4 _aPINTORES ESPAÑOLES
650 1 4 _aPINTURA ESPAÑOLA
700 1 _aCatalá Roca, F. \ Calvet, Ramón
999 _c6721
_d6721
260 _aBarcelona : Galeria Joan Prats
_c1985